東京駅から最も駅を跨ぐ東京23区内の駅 - Statistics

General Stats
  • This quiz has been taken 267 times
  • The average score is 19 of 32
Answer Stats
駅数 駅名 最短ルート(一例) % Correct
17 西高島平 東京 - 上野 - 日暮里 - 西日暮里 - 田端 - 駒込 - 巣鴨 - 西巣鴨 - 新板橋 - 板橋区役所前 - 板橋本町 - 本蓮沼 - 志村坂上 - 志村三丁目 - 蓮根 - 西台 - 高島平 - 新高島平 - 西高島平
75%
14 西台 東京 - 上野 - 日暮里 - 西日暮里 - 田端 - 駒込 - 巣鴨 - 西巣鴨 - 新板橋 - 板橋区役所前 - 板橋本町 - 本蓮沼 - 志村坂上 - 志村三丁目 - 蓮根 - 西台
73%
12 石神井公園 東京 - 上野 - 尾久 - 赤羽 - 池袋 - 椎名町 - 東長崎 - 江古田 - 桜台 - 練馬 - 中村橋 - 富士見台 - 練馬高野台 - 石神井公園
73%
16 新高島平 東京 - 上野 - 日暮里 - 西日暮里 - 田端 - 駒込 - 巣鴨 - 西巣鴨 - 新板橋 - 板橋区役所前 - 板橋本町 - 本蓮沼 - 志村坂上 - 志村三丁目 - 蓮根 - 西台 - 高島平 - 新高島平
72%
15 高島平 東京 - 上野 - 日暮里 - 西日暮里 - 田端 - 駒込 - 巣鴨 - 西巣鴨 - 新板橋 - 板橋区役所前 - 板橋本町 - 本蓮沼 - 志村坂上 - 志村三丁目 - 蓮根 - 西台 - 高島平
72%
13 蓮根 東京 - 上野 - 日暮里 - 西日暮里 - 田端 - 駒込 - 巣鴨 - 西巣鴨 - 新板橋 - 板橋区役所前 - 板橋本町 - 本蓮沼 - 志村坂上 - 志村三丁目 - 蓮根
72%
11 志村坂上 東京 - 上野 - 日暮里 - 西日暮里 - 田端 - 駒込 - 巣鴨 - 西巣鴨 - 新板橋 - 板橋区役所前 - 板橋本町 - 本蓮沼 - 志村坂上
72%
12 志村三丁目 東京 - 上野 - 日暮里 - 西日暮里 - 田端 - 駒込 - 巣鴨 - 西巣鴨 - 新板橋 - 板橋区役所前 - 板橋本町 - 本蓮沼 - 志村坂上 - 志村三丁目
71%
12 千歳船橋 東京 - 品川 - 大崎 - 恵比寿 - 渋谷 - 神泉 - 駒場東大前 - 池ノ上 - 下北沢 - 世田谷代田 - 梅ヶ丘 - 豪徳寺 - 経堂 - 千歳船橋
68%
11 経堂 東京 - 品川 - 大崎 - 恵比寿 - 渋谷 - 神泉 - 駒場東大前 - 池ノ上 - 下北沢 - 世田谷代田 - 梅ヶ丘 - 豪徳寺 - 経堂
68%
11 練馬高野台 東京 - 上野 - 尾久 - 赤羽 - 池袋 - 椎名町 - 東長崎 - 江古田 - 桜台 - 練馬 - 中村橋 - 富士見台 - 練馬高野台
68%
11 光が丘 東京 - 上野 - 尾久 - 赤羽 - 池袋 - 椎名町 - 東長崎 - 江古田 - 桜台 - 練馬 - 豊島園 - 練馬春日町 - 光が丘
68%
13 祖師ヶ谷大蔵 東京 - 品川 - 大崎 - 恵比寿 - 渋谷 - 神泉 - 駒場東大前 - 池ノ上 - 下北沢 - 世田谷代田 - 梅ヶ丘 - 豪徳寺 - 経堂 - 千歳船橋 - 祖師ヶ谷大蔵
65%
12 千歳烏山 東京 - 神田 - 御茶ノ水 - 四ツ谷 - 新宿 - 笹塚 - 代田橋 - 明大前 - 下高井戸 - 桜上水 - 上北沢 - 八幡山 - 芦花公園 - 千歳烏山
65%
14 成城学園前 東京 - 品川 - 大崎 - 恵比寿 - 渋谷 - 神泉 - 駒場東大前 - 池ノ上 - 下北沢 - 世田谷代田 - 梅ヶ丘 - 豪徳寺 - 経堂 - 千歳船橋 - 祖師ヶ谷大蔵 - 成城学園前
64%
13 井荻 東京 - 神田 - 御茶ノ水 - 四ツ谷 - 新宿 - 大久保 - 東中野 - 中井 - 新井薬師前 - 沼袋 - 野方 - 都立家政 - 鷺ノ宮 - 下井草 - 井荻
63%
13 大泉学園 東京 - 上野 - 尾久 - 赤羽 - 池袋 - 椎名町 - 東長崎 - 江古田 - 桜台 - 練馬 - 中村橋 - 富士見台 - 練馬高野台 - 石神井公園 - 大泉学園
63%
12 下井草 東京 - 神田 - 御茶ノ水 - 四ツ谷 - 新宿 - 大久保 - 東中野 - 中井 - 新井薬師前 - 沼袋 - 野方 - 都立家政 - 鷺ノ宮 - 下井草
63%
11 鷺ノ宮 東京 - 神田 - 御茶ノ水 - 四ツ谷 - 新宿 - 大久保 - 東中野 - 中井 - 新井薬師前 - 沼袋 - 野方 - 都立家政 - 鷺ノ宮
63%
14 上井草 東京 - 神田 - 御茶ノ水 - 四ツ谷 - 新宿 - 大久保 - 東中野 - 中井 - 新井薬師前 - 沼袋 - 野方 - 都立家政 - 鷺ノ宮 - 下井草 - 井荻 - 上井草
62%
11 芦花公園 東京 - 神田 - 御茶ノ水 - 四ツ谷 - 新宿 - 笹塚 - 代田橋 - 明大前 - 下高井戸 - 桜上水 - 上北沢 - 八幡山 - 芦花公園
62%
15 上石神井 東京 - 神田 - 御茶ノ水 - 四ツ谷 - 新宿 - 大久保 - 東中野 - 中井 - 新井薬師前 - 沼袋 - 野方 - 都立家政 - 鷺ノ宮 - 下井草 - 井荻 - 上井草 - 上石神井
61%
15 喜多見 東京 - 品川 - 大崎 - 恵比寿 - 渋谷 - 神泉 - 駒場東大前 - 池ノ上 - 下北沢 - 世田谷代田 - 梅ヶ丘 - 豪徳寺 - 経堂 - 千歳船橋 - 祖師ヶ谷大蔵 - 成城学園前 - 喜多見
60%
12 舎人 東京 - 上野 - 日暮里 - 西日暮里 - 赤土小学校前 - 熊野前 - 足立小台 - 扇大橋 - 高野 - 江北 - 西新井大師西 - 谷在家 - 舎人公園 - 舎人
60%
11 舎人公園 東京 - 上野 - 日暮里 - 西日暮里 - 赤土小学校前 - 熊野前 - 足立小台 - 扇大橋 - 高野 - 江北 - 西新井大師西 - 谷在家 - 舎人公園
59%
13 見沼代親水公園 東京 - 上野 - 日暮里 - 西日暮里 - 赤土小学校前 - 熊野前 - 足立小台 - 扇大橋 - 高野 - 江北 - 西新井大師西 - 谷在家 - 舎人公園 - 舎人 - 見沼代親水公園
57%
16 武蔵関 東京 - 神田 - 御茶ノ水 - 四ツ谷 - 新宿 - 大久保 - 東中野 - 中井 - 新井薬師前 - 沼袋 - 野方 - 都立家政 - 鷺ノ宮 - 下井草 - 井荻 - 上井草 - 上石神井 - 武蔵関
49%
11 富士見ヶ丘 東京 - 神田 - 御茶ノ水 - 四ツ谷 - 新宿 - 笹塚 - 代田橋 - 明大前 - 永福町 - 西永福 - 浜田山 - 高井戸 - 富士見ヶ丘
43%
12 久我山 東京 - 神田 - 御茶ノ水 - 四ツ谷 - 新宿 - 笹塚 - 代田橋 - 明大前 - 永福町 - 西永福 - 浜田山 - 高井戸 - 富士見ヶ丘
42%
11 羽田空港第1ターミナル 東京 - 新橋 - 浜松町...モノレール浜松町 - 天王洲アイル - 大井競馬場前 - 流通センター - 昭和島 - 整備場 - 天空橋 - 羽田空港第3ターミナル - 新整備場 - 羽田空港第1ターミナル
35%
12 羽田空港第2ターミナル 東京 - 新橋 - 浜松町...モノレール浜松町 - 天王洲アイル - 大井競馬場前 - 流通センター - 昭和島 - 整備場 - 天空橋 - 羽田空港第3ターミナル - 新整備場 - 羽田空港第1ターミナル - 羽田空港第2ターミナル
32%
11 下赤塚 東京 - 上野 - 大宮 - 浦和 - 南浦和 - 武蔵浦和 - 西浦和 - 北朝霞 - 朝霞台 - 朝霞 - 和光市 - 成増 - 下赤塚
18%
No matching quizzes found
Score Distribution
Percent of People with Each Score
Percentile by Number Answered
Your Score History
You have not taken this quiz